| 000 | 00495nab a2200145Ia 4500 | ||
|---|---|---|---|
| 003 | ES-SlBCS | ||
| 005 | 20210601141851.0 | ||
| 008 | 140529s1976 xxu||||| |||| 00| 0 spa d | ||
| 041 | _aspa | ||
| 100 | 1 |
_aMacklin, Ruth _953380 |
|
| 245 | 0 | 0 |
_aUn caso de colisión de derechos: el poder obligar a un paciente a someterse a un tratamiento médico _c Ruth Macklin |
| 650 | 0 | 4 |
_aTratamiento Médico _9261950 |
| 773 | 0 |
_tFolia Humanistica _gvol. 14, nº. 157, 1976, págs. 19-38 _wRev1220 |
|
| 942 | _cAR | ||
| 999 |
_c667648 _d667648 |
||